000
00304nam a2200145 a 4500
005
20140414131927.0
008
101027s19uu xx 00 eng d
050
_a
ER
_b
P96
100
_a
245
_a
Puss in boots.
260
_b
Froebel-Kan.
440
_a
650
_a
Fables
999
_c
112052
_d
112052